000 00815nam a2200277Ia 4500
001 Para_7810
003 CHAP
008 220125s1989 xx 000 0 und d
010 _a206445
040 _cCHAP
082 _aPA 631.583 M3
100 _aMatallana González, Antonio
_972890
245 _aInvernaderos :
_b diseño, construcción y climatización /
_c por Antonio Matallana González y Juan Ignacio Montero Camacho
250 _a2; rev. y ampl.
260 _aMadrid :
_b Ediciones Mundi-Prensa
300 _a209 p.
650 _aInvernaderos
_960172
700 _aMontero Camacho, Juan Ignacio
_977806
901 _aPA 631.583 M3
902 _aA
905 _a0000001989 ai 0000000000 00
910 _a1989
942 _cPARA
942 _cPARA
_d1
999 _c206445
_d206445